Medzinárodná migrácia a remitencie
Význam remitencií pre krajiny pôvodu migrantov. Makroekonomický význam remitencií. Prínos remitencií pre rodinných príslušníkov migrantov. Najväčší prijímatelia remitencií - India, Mexiko a Čína. Remitencie ako priame zahraničné investície a zahraničná rozvojová pomoc. Štatistické údaje.
Salvato in:
| Autore principale: | |
|---|---|
| Natura: | Capitolo di libro |
| Lingua: | slovacco |
| Soggetti: | |
| Tags: |
Nessun Tag, puoi essere il primo ad aggiungerne!!
|
MARC
| LEADER | 00000nla$a2200000$$$4500 | ||
|---|---|---|---|
| 001 | 0104261 | ||
| 005 | 20240502072136.3 | ||
| 041 | 0 | |a slo | |
| 044 | |a SK | ||
| 245 | 1 | 0 | |a Medzinárodná migrácia a remitencie |c Ľudmila Lipková |
| 520 | |a Význam remitencií pre krajiny pôvodu migrantov. Makroekonomický význam remitencií. Prínos remitencií pre rodinných príslušníkov migrantov. Najväčší prijímatelia remitencií - India, Mexiko a Čína. Remitencie ako priame zahraničné investície a zahraničná rozvojová pomoc. Štatistické údaje. | ||
| 610 | 2 | 0 | |a migrácia |
| 610 | 2 | 0 | |a imigrácia |
| 610 | 2 | 0 | |a príjmy |
| 610 | 2 | 0 | |a rodina |
| 610 | 2 | 0 | |a úspory |
| 610 | 2 | 0 | |a úroveň životná |
| 610 | 2 | 0 | |a rozvoj hospodársky |
| 610 | 2 | 0 | |a svet |
| 100 | 1 | |a Lipková, Ľudmila | |